00303 2200133 4500001002100000005001500021035002000036245004600056100001700102300000800119260002200127082000800149990001200157INLIS00000000000208820250527095736 a0010-05250003801 aSeberapa Serakah Si Doi?1 /cImam Wahyudi0 aImam Wahyudi a157 bDiva Press,c2004 a813 a0712680